000 00664nam a2200229 a 4500
999 _c4793
_d4793
001 4793
003 BD-JhCC
005 20171203173815.0
008 171203s1975 bg ||||| |||| 00| 0 ben d
035 _a(BD-JhCC)4793
040 _aBD-JhCC
_dBD-JhCC
041 _aben
082 _a954.9205
_bUMO 1975
100 _aউমর, বদরুদ্দীন
245 _aযুদ্ধোত্তর বাংলাদেশ /
_cবদরুদ্দীন উমর
260 _aঢাকা :
_bমুক্তধারা,
_c1975.
300 _a166 p. :
_c21 cm.
650 _aLiberation war
650 _aBangladesh
942 _2ddc
_cBK